Dinámica de la personalidad: selección de artículos

Salvato in:
Dettagli Bibliografici
Autore principale: Lewin, Kurt (Autore)
Natura: Libro
Lingua:spagnolo
Pubblicazione: Madrid Morata 1969
Serie:Filosofía, psicología, pedagogía
Soggetti:
Tags: Aggiungi Tag
Nessun Tag, puoi essere il primo ad aggiungerne!!

MARC

LEADER 00000nam a2200000 a 4500
001 UCY6473
003 CL-VaPUC
008 950526e19690000SP |||||||||||||||||spa|d
082 0 4 |a 155.2  |b LEW  |2 21 
100 |a Lewin, Kurt  |e author  |9 312087 
245 1 0 |a Dinámica de la personalidad: selección de artículos 
300 |a 291 p 
942 |c BK 
945 |d 19950526 00:00:00  |a cmena 
260 |a Madrid  |b Morata  |c 1969 
650 0 |a Psicología   |9 257863 
650 0 |a Personalidad   |9 307255 
650 0 |a Mente  |9 330838 
650 0 |a Comportamiento   |9 308406 
650 0 |a Psicología del niño  |9 307305 
650 0 |a Aprendizaje   |9 254827 
650 0 |a Educación  |9 258661 
650 0 |a Psicología individual  |9 309049 
650 0 |a Medio ambiente  |9 257625 
583 |a last modification  |c 19950526 00:00:00  |k Rodrigo Vera 
490 0 |a Filosofía, psicología, pedagogía 
999 |c 234038  |d 234036 
952 |0 0  |1 0  |4 0  |6 155_200000000000000_LEW_1969  |7 0  |8 P  |9 239973  |a BIBEDU  |b BIBEDU  |c BIBEDU_PB  |d 2019-11-18  |i 151007K  |o 155.2 LEW 1969  |p 151007K  |r 2024-01-25  |w 2019-11-18  |y BK  |k EDU 
952 |0 0  |1 0  |4 0  |6 155_200000000000000_LEW_1969  |7 0  |8 P  |9 239974  |a BIBEDU  |b BIBEDU  |c BIBEDU_PB  |d 2019-11-18  |i 1510061  |o 155.2 LEW 1969  |p 1510061  |r 2024-01-25  |w 2019-11-18  |y BK  |k EDU 
952 |0 0  |1 0  |4 0  |6 155_200000000000000_LEW_1969  |7 0  |8 P  |9 239975  |a BIBEDU  |b BIBEDU  |c BIBEDU_PB  |d 2019-11-18  |i 1602551  |o 155.2 LEW 1969  |p 1602551  |r 2024-01-25  |w 2019-11-18  |y BK  |k EDU